Classical and modern Fourier analysis /

Guardado en:
Autor Principal: Grafakos, Loukas.
Formato: Libro
Idioma:English
Publicado: Upper Saddle River, N.J. : Pearson/Prentice Hall, c2004.
Materias:
Acceso en línea:Sitio web del libro
Etiquetas: Agregar Etiqueta
Sin Etiquetas, Sea el primero en etiquetar este registro!
LEADER 01281cam a22002295a 4500
001 MAT.inmabb003964
008 030416s2004####njua#####b####001#0#eng##
005 20120806121534.0
245 1 0 |a Classical and modern Fourier analysis /  |c Loukas Grafakos. 
260 |a Upper Saddle River, N.J. :  |b Pearson/Prentice Hall,  |c c2004. 
300 |a xii, 859, [72] p. :  |b il. ;  |c 24 cm. 
504 |a Incluye referencias bibliográficas e índice. 
500 |a Errata disponible en el sitio web del libro. 
505 0 |a 1. Lp spaces and interpolation -- 2. Maximal functions, Fourier transform, and distributions -- 3. Fourier analysis on the torus -- 4. Singular integrals of convolution type -- 5. Littlewood-Paley theory and multipliers -- 6. Smoothness and function spaces -- 7. BMO and Carleson measures -- 8. Singular integrals of nonconvolution type -- 9. Weighted inequalities -- 10. Boundedness and convergence of Fourier integrals. 
020 |a 013035399X 
100 1 |a Grafakos, Loukas. 
650 0 |a Fourier analysis. 
084 |a 42-01 (42B25 42B05 42B08 42B10 42B15 42B20 42B30 42B35)  |2 msc2000 
010 |a  2003051280 
040 |a DLC  |c DLC  |d DLC 
856 4 2 |u http://www.math.missouri.edu/%7eloukas/FourierAnalysis.html  |y Sitio web del libro 
859 |h 42  |i G736  |p A-8315  |b BIB. MATEMATICA